书目信息 |
| 题名: |
现代体能训练方法设计研究
|
|
| 作者: | 郭书胜 著 | |
| 分册: | ||
| 出版信息: | 长春 吉林出版集团股份有限公司 2022.04 |
|
| 页数: | 179页 | |
| 开本: | 24cm | |
| 丛书名: | ||
| 单 册: | ||
| 中图分类: | G808.14 | |
| 科图分类: | ||
| 主题词: | 体能--ti neng--身体训练--研究 | |
| 电子资源: | ||
| ISBN: | 978-7-5731-0049-8 | |
| 000 | 00997nam0 2200253 450 | |
| 001 | 012001000281 | |
| 005 | 20140131125526.0 | |
| 010 | @a978-7-5731-0049-8@dCNY78.00 | |
| 099 | @aCAL 012022043390 | |
| 100 | @a20220905d2022 em y0chiy50 ea | |
| 101 | 0 | @achi |
| 102 | @aCN@b220000 | |
| 105 | @aa a 000yy | |
| 106 | @ar | |
| 200 | 1 | @a现代体能训练方法设计研究@Axian dai ti neng xun lian fang fa she ji yan jiu@f郭书胜著 |
| 210 | @a长春@c吉林出版集团股份有限公司@d2022.04 | |
| 215 | @a179页@c图@d24cm | |
| 320 | @a有书目 (第177-179页) | |
| 330 | @a本书主要围绕体能训练方法这条主线展开研究, 首先阐述体能训练的基本理论, 其次分析体能训练的理论基础, 最后详细探究各项身体素质的训练方法。重点研究现代体能训练的方法, 具体探讨了各项身体素质训练的科学方法、手段及注意事项, 并以武术为例分析武术专项体能训练方法。 | |
| 606 | 0 | @a体能@Ati neng@x身体训练@x研究 |
| 690 | @aG808.14@v5 | |
| 701 | 0 | @a郭书胜@Aguo shu sheng@4著 |
| 801 | 0 | @aCN@bAHXH@c20221111 |
| 905 | @b1364104-8@dG808.14@e2008@f5 | |
| 现代体能训练方法设计研究/郭书胜著.-长春:吉林出版集团股份有限公司,2022.04 |
| 179页:图;24cm |
| ISBN 978-7-5731-0049-8:CNY78.00 |
| 本书主要围绕体能训练方法这条主线展开研究, 首先阐述体能训练的基本理论, 其次分析体能训练的理论基础, 最后详细探究各项身体素质的训练方法。重点研究现代体能训练的方法, 具体探讨了各项身体素质训练的科学方法、手段及注意事项, 并以武术为例分析武术专项体能训练方法。 |
| ● |
| 相关链接 |
|
|
|
|
正题名:现代体能训练方法设计研究
索取号:G808.14/2008
 
预约/预借
| 序号 | 登录号 | 条形码 | 馆藏地/架位号 | 状态 | 备注 |
| 1 | 1364104 | 213641040 | 第一样本阅览室/ [索取号:G808.14/2008] | 在馆 | |
| 2 | 1364105 | 213641059 | 教育系资料室/ [索取号:G808.14/2008] | 在馆 | |
| 3 | 1364106 | 213641068 | 教育系资料室/ [索取号:G808.14/2008] | 在馆 | |
| 4 | 1364107 | 213641077 | 第四借阅区/ [索取号:G808.14/2008] | 在馆 | |
| 5 | 1364108 | 213641086 | 第四借阅区/ [索取号:G808.14/2008] | 在馆 |